Wordt geladen...
Biological aspectesof fresh water
| Hoofdauteur: | |
|---|---|
| Formaat: | Printed Book |
| Taal: | Undetermined English |
| Gepubliceerd in: |
London
Commission of the european communities
1979
|
| Onderwerpen: |
| LEADER | 00568nam a2200169Ia 4500 | ||
|---|---|---|---|
| 008 | 140306s9999 xx 000 0 und d | ||
| 041 | |a eng | ||
| 082 | |a 628.5 |b RAV/BI | ||
| 100 | |a Raverna, O | ||
| 245 | |a Biological aspectesof fresh water | ||
| 260 | |a London |b Commission of the european communities |c 1979 | ||
| 300 | |a 213 | ||
| 365 | |b USD.26 | ||
| 650 | |a Aquatic environment | ||
| 942 | |2 ddc |c BK | ||
| 999 | |c 117262 |d 117262 | ||
| 952 | |0 0 |1 0 |2 ddc |4 0 |6 628_500000000000000_RAVBI |7 0 |9 116132 |a KAUHCV |b KAUHCV |d 2004-04-29 |g 26.00 |o 628.5 RAV/BI |p KAU_HCV-13186 |r 2014-03-22 |w 2014-03-22 |y BK | ||